01093nas a2200277Ia 4500001001600000003001000016008004100026040002500067041001300092100002300105210002600128222002600154245008900180250001100269260000900280501012300289300001600412362001800428500010900446650002500555700001100580942000700591957000600598999003300604952017800637A05/R047-32330 IT-MiCISF161014c99999999xx |||||||||||| ||und|| aIT-MiCISFcIT-MiCISF aITALIANO aParlamento Europeo aCittadini in crescita aCittadini in crescita 0aAttuazione delle misure di lotta contro il turismo sessuale che coinvolge l'infanzia a1a ed. c2000 bCISF - Centro Internazionale Studi Famiglia - Via Giotto, 36 20145 MILANO (non commercial uses only)cCopyright 2016 app. 313-321 an. 2-3 [2000] arisoluzione del Parlamento europeo del 30 marzo 2000 Tema: società, abuso-sessuale, infanzia, politica asocietàvdocumento aAA.VV. cCR 71 a32330bSig1c235246d235246 0010406A_05_000000000000000_R0473233071aCISFbCISFd2016-10-14l0oA05/R047-32330 r2016-10-14 00:00:00w2016-10-14yCRzData import 15.10.2016 / by Epidotti, Vaglietti